Multiple Choice City Quiz – Bangor, ME - Statistics

General Stats
  • This quiz has been taken 7 times
  • The average score is 8 of 10
Answer Stats
Question Answer % Correct
Who is depicted by a 31-foot statue in front of the Cross Insurance Center? Paul Bunyan
100%
What river separates Bangor from the town of Brewer? Penobscot
100%
Which of these locations is NOT found in Bangor? Victoria Mansion
100%
What is Bangor's rank in terms of most populous Maine cities? 3rd
83%
Who was Abraham Lincoln's vice president who lived in Bangor from 1862 to 1891? Hannibal Hamlin
83%
In what nearby town is the University of Maine situated? Orono
83%
Where is Bangor located on the map of Maine?
67%
Which of these routes is called Main Street when it goes through Bangor? Route 1A
67%
Which of these authors famously lived in Bangor, Maine? Stephen King
67%
What did the name of Bangor (likely) originate from? An Irish hymn titled "Bangor"
50%
No matching quizzes found
Score Distribution
Percent of People with Each Score
Percentile by Number Answered
Your Score History
You have not taken this quiz